Prevención de accidentes en la construcción
| Main Authors: | , |
|---|---|
| Format: | Section = Libro |
| Language: | Undetermined Spanish |
| Published: |
España
Caja de Arquitectos Fundación
1985
|
| Edition: | 10a.ed. |
| Subjects: |
| LEADER | 00582nam a2200217Ia 4500 | ||
|---|---|---|---|
| 008 | 240830s9999 xx 000 0 und d | ||
| 020 | |a 84-329-2957-3 | ||
| 040 | |a B-ESTELÍ- RUACS / 690 G643 | ||
| 041 | |a spa | ||
| 082 | |a 690 G643 | ||
| 100 | 1 | |a González, Gerardo | |
| 100 | 1 | |b Zabaleta, G | |
| 245 | 1 | 0 | |a Prevención de accidentes en la construcción |
| 250 | |a 10a.ed. | ||
| 260 | |a España |b Caja de Arquitectos Fundación |c 1985 | ||
| 300 | |a 173 p:il | ||
| 650 | 7 | |a SEGURIDAD - HIGIENE | |
| 650 | 7 | |b ESTUDIO DE RIESGOS | |
| 942 | |c BK |2 ddc | ||
| 991 | |a TEXTO | ||
| 999 | |c 11581 | ||